Electronic Governance (Record no. 1738)

MARC details
000 -LEADER
fixed length control field 00376nam a2200157Ia 4500
008 - FIXED-LENGTH DATA ELEMENTS--GENERAL INFORMATION
fixed length control field 221030s9999 xx 000 0 und d
020 ## - INTERNATIONAL STANDARD BOOK NUMBER
ISBN 8176486868
041 ## - LANGUAGE CODE
Language code of text/sound track or separate title
082 ## - DEWEY DECIMAL CLASSIFICATION NUMBER
Classification number 105.23
Item number Pan
100 ## - MAIN ENTRY--AUTHOR NAME
Personal name S. Pankaj
245 #0 - TITLE STATEMENT
Title Electronic Governance
Statement of responsibility, etc by S. Pankaj
260 ## - PUBLICATION, DISTRIBUTION, ETC. (IMPRINT)
Name of publisher A.P.H. Pub
Place of publication New Delhi
Year of publication 2004
300 ## - PHYSICAL DESCRIPTION
Number of Pages 351
650 ## - SUBJECT ADDED ENTRY--TOPICAL TERM
Topical Term MBA Computers
942 ## - ADDED ENTRY ELEMENTS (KOHA)
Koha item type Books
Holdings
Accession Number Cost, normal purchase price Full call number Price effective from Koha item type Withdrawn / writtenoff status Materials specified (bound volume or other part) Damaged status Not for loan Permanent Location Current Location Shelving location Date acquired Lost/ Missing status department
MBA 733 195.00 105.23 Pan 10/30/2022 Books   Print     MIET Library, Jammu MIET Library, Jammu BL-Second, FL-1, CUP-115, SH-1, R-1 11/11/2005   MBA
MBA 622 195.00 105.23 Pan 10/30/2022 Books   Print     MIET Library, Jammu MIET Library, Jammu BL-Second, FL-1, CUP-115, SH-1, R-1 07/18/2005   MBA
MBA 621 195.00 105.23 Pan 10/30/2022 Books   Print   Not For Loan MIET Library, Jammu MIET Library, Jammu BL-Second, FL-1, CUP-66, SH-5, R-5 07/18/2005   MBA